000 00282nam a22001217a 4500
020 _a0-12-014901-X
082 _a530-E AUE'A
100 _aAUER, PETER
_975074
245 _aADVANCES IN ENERGY SYSTEMS AND TECHNOLOGY
260 _aNEWYORK
_bAP
_c1978
300 _a387P
942 _cBK
999 _c580560
_d580560